| 000 | 00750nam a2200265Ia 4500 | ||
|---|---|---|---|
| 003 | OSt | ||
| 005 | 20221005024935.0 | ||
| 006 | a|||||r|||| 00| 0 | ||
| 007 | ta | ||
| 008 | 221004b |||||||| |||| 00| 0 ara d | ||
| 020 | _c600.00 | ||
| 024 | _a2213 | ||
| 037 |
_b409, 06/11/2012, Nadwi Publications _cTextual |
||
| 040 |
_aCRL _cCRL _bara |
||
| 041 |
_2ara _aara |
||
| 082 | _aQ7:g, 28K7;Q1 | ||
| 100 | _aJundi Ali Au. | ||
| 245 | 0 | _aSaja al hamam fi hikm al Imam | |
| 260 |
_aCairo _bMaktaba Al Anjlu Al Misria Egypt _c1967 |
||
| 300 |
_a506p. _ccm. |
||
| 650 | _a RELIGION | ||
| 650 | _aISLAM | ||
| 942 |
_hQ7:g, 28K7;Q1 _cTEXL _2cc |
||
| 999 |
_c933739 _d933739 |
||